[Event "2nd Vaujany Open A"]
[Site "Vaujany FRA"]
[Date "2011.07.15"]
[Round "2.8"]
[White "Quenette,R"]
[Black "Berbatov,K"]
[Result "0-1"]
[WhiteElo "2185"]
[BlackElo "2472"]

1.d4 Nf6 2.c4 g6 3.Nc3 Bg7 4.e4 d6 5.Nf3 O-O 6.Be2 e5 7.O-O exd4 8.Nxd4 Re8
9.Bd3 c6 10.Re1 Nbd7 11.Nde2 Nc5 12.Ng3 Nxd3 13.Qxd3 Ng4 14.Nf1 Qh4 15.Qg3 Qxg3
16.hxg3 Be6 17.Rd1 Ne5 18.Rxd6 Nxc4 19.Rd1 Rad8 20.Ne3 Rxd1+ 21.Nexd1 Rd8
22.Bg5 Rd3 23.b3 h6 24.Bf4 g5 25.Bb8 Rxc3 26.Nxc3 Bxc3 27.Rc1 Be5 28.Bxa7 Nd6
29.Re1 Nb5 30.Be3 Nc3 31.f4 Bc7 32.fxg5 Bxg3 33.Ra1 hxg5 34.Bxg5 Be5 35.Kf1 f6
36.Be3 Kf7 37.Bb6 Na4  0-1

[Event "SPA Open A"]
[Site "Amsterdam NED"]
[Date "2011.07.16"]
[Round "8"]
[White "Lenderman,A"]
[Black "Pruijssers,R"]
[Result "1-0"]
[WhiteElo "2525"]
[BlackElo "2461"]

1.d4 Nf6 2.c4 g6 3.Nc3 Bg7 4.e4 d6 5.Nf3 O-O 6.Be2 e5 7.O-O Nbd7 8.Be3 Re8
9.d5 Nh5 10.g3 Bf8 11.Ne1 Ng7 12.Nd3 f5 13.f3 Be7 14.Qd2 Nf6 15.c5 fxe4 16.fxe4 Bh3
17.Rfc1 Ng4 18.cxd6 cxd6 19.Bxg4 Bxg4 20.Nb5 Rf8 21.Nxa7 Rf3 22.Nb5 Rxe3
23.Qxe3 Bg5 24.Qf2 Qa5 25.Rf1 Nf5 26.exf5 Bxf5 27.Nxd6 Bxd3 28.Qf7+ Kh8 29.Qe6 Be3+
30.Kh1 Qc5 31.Nf7+ Kg7 32.Qf6+  1-0

[Event "III Corporation Cup A"]
[Site "Izhevsk RUS"]
[Date "2011.07.16"]
[Round "2"]
[White "Demianjuk,A"]
[Black "Petrosian,DG"]
[Result "1/2-1/2"]
[WhiteElo "2317"]
[BlackElo "2478"]

1.d4 Nf6 2.c4 g6 3.Nc3 Bg7 4.e4 d6 5.Nf3 O-O 6.Be2 e5 7.dxe5 dxe5 8.Qxd8 Rxd8
9.Bg5 Re8 10.Nd5 Nxd5 11.cxd5 c6 12.Bc4 cxd5 13.Bxd5 Nd7 14.Nd2 Nc5 15.O-O-O Be6
16.Bxe6 Nxe6 17.Be3 f5 18.f3 Nf4 19.Bxf4 exf4 20.Rhe1 Rac8+ 21.Kb1 Rcd8 22.Kc2 Rc8+
23.Kb1 Rcd8 24.Kc2 Rd4 25.exf5 Rc8+ 26.Kb1 Rcd8 27.fxg6 hxg6 28.Kc2 Rc8+
29.Kb1 Rcd8 30.Kc2 Rc8+ 31.Kb1  1/2-1/2

[Event "2nd SPI Open"]
[Site "Satu Mare ROU"]
[Date "2011.07.16"]
[Round "2"]
[White "Dobre,ClC"]
[Black "Secheres,Ad"]
[Result "1/2-1/2"]
[WhiteElo "2353"]
[BlackElo "2005"]

1.d4 Nf6 2.Nf3 g6 3.c4 Bg7 4.Nc3 O-O 5.e4 d6 6.Be2 e5 7.d5 a5 8.Bg5 h6 9.Bh4 g5
10.Bg3 Nxe4 11.Nxe4 f5 12.Nfd2 fxe4 13.Nxe4 Bf5 14.Bd3 Nd7 15.O-O Qe8 16.f3 Qg6
17.Qc2 Kh8 18.Bf2 Nf6 19.Rae1 h5 20.Nc5 Bxd3 21.Qxd3 Qxd3 22.Nxd3 Rae8 23.Be3 Bh6
24.Nf2 Kh7 25.Ne4 Kg6 26.b3 Rf7 27.Rc1 b6 28.Nc3 Ref8 29.a3 Ne8 30.h3 Ng7
31.Nb5 Nf5 32.Bd2 Ng3 33.Rfe1 e4 34.Nd4 exf3 35.gxf3 Nf5 36.Re6+ Rf6 37.Rxf6+ Rxf6
38.Nxf5 Rxf5 39.Kg2 Re5 40.Kf2 Bg7 41.Rg1 Rf5 42.Ke2 Bd4 43.Rg2 Kf6 44.f4 gxf4
45.Kf3 Be5 46.h4 Kf7 47.Be1 Bf6 48.Rc2 Be5  1/2-1/2

[Event "XIII Gdansk Open"]
[Site "Gdansk POL"]
[Date "2011.07.17"]
[Round "2.7"]
[White "Czerw,D"]
[Black "Kempinski,T"]
[Result "0-1"]
[WhiteElo "1784"]
[BlackElo "2227"]

1.d4 g6 2.c4 Bg7 3.Nf3 d6 4.Nc3 Nf6 5.e4 O-O 6.Be2 Nbd7 7.O-O e5 8.Be3 h6
9.Ne1 Re8 10.f3 Nh5 11.d5 f5 12.b4 Nf4 13.Kh1 a5 14.a3 Nf6 15.Rb1 axb4 16.axb4 Ra3
17.Qc1 Rxc3 18.Qxc3 Nxe2 19.Qd2 Nf4 20.g3 N4h5 21.Bxh6 fxe4 22.Bg5 exf3 23.Nxf3 Bh3
24.Rfe1 Qd7 25.Rbc1 Qg4 26.Qe3 Nh7 27.Qe4 Rf8 28.Rc3 Qxe4  0-1

[Event "St Pauli Open"]
[Site "Hamburg GER"]
[Date "2011.07.17"]
[Round "9.51"]
[White "Tscherepanov,L"]
[Black "Bohn,C"]
[Result "1/2-1/2"]
[WhiteElo "1841"]
[BlackElo "1928"]

1.c4 g6 2.Nc3 Bg7 3.d4 Nf6 4.Nf3 d6 5.e4 O-O 6.Be2 e5 7.d5 Bg4 8.O-O h6 9.Be3 Nbd7
10.Rb1 Ne8  1/2-1/2

[Event "1st Hangzhou WGM"]
[Site "Hangzhou CHN"]
[Date "2011.07.17"]
[Round "4"]
[White "Zhao Xue"]
[Black "Ju Wenjun"]
[Result "0-1"]
[WhiteElo "2470"]
[BlackElo "2515"]

1.d4 Nf6 2.c4 g6 3.Nc3 Bg7 4.e4 d6 5.Nf3 O-O 6.Be2 e5 7.Be3 Na6 8.O-O Ng4
9.Bg5 Qe8 10.dxe5 dxe5 11.Qc1 b6 12.h3 Nf6 13.Qc2 c6 14.Rad1 Nc7 15.b4 Ne6
16.Bc1 Nh5 17.c5 Nhf4 18.Bc4 bxc5 19.bxc5 Qe7 20.Bxe6 Nxe6 21.Rd6 Nd4 22.Qd1 Ba6
23.Re1 Rfd8 24.Ba3 Rxd6 25.cxd6 Qe6 26.Re3 Rd8 27.Qa4 Qc4 28.Qa5 Qf1+ 29.Kh2 Rd7
30.Nxe5 Bh6 31.Nxd7 Bf4+ 32.Rg3 Nf3+  0-1

[Event "III Corporation Cup A"]
[Site "Izhevsk RUS"]
[Date "2011.07.17"]
[Round "3"]
[White "Savchuk,V"]
[Black "Mukhametgaleeva,R"]
[Result "1-0"]
[WhiteElo "2122"]
[BlackElo "1998"]

1.d4 Nf6 2.c4 g6 3.Nc3 Bg7 4.e4 d6 5.Nf3 O-O 6.Be2 e5 7.d5 a5 8.Bg5 h6 9.Bh4 Bd7
10.O-O Qe8 11.Nd2 Na6 12.b3 Nh7 13.Rc1 f5 14.exf5 gxf5 15.Bh5 Qc8 16.Be7 Re8
17.Bxe8 Qxe8 18.Bh4 Nc5 19.Qe2 Qg6 20.f3 Ng5 21.Kh1 e4 22.f4 Nh7 23.Nd1 Nd3
24.Rb1 Nb4 25.Ne3 Bd4 26.a3 Nd3 27.g3 Qf7 28.Rg1 Kh8 29.Rg2 Nf8 30.Nc2 Bc3
31.Rf1 Ng6 32.Qh5 Qh7 33.Ne3 Rf8 34.Qe2 Bb2 35.a4 Nc1 36.Qh5 Nd3 37.Nc2 Be8
38.Qe2 Nxh4 39.gxh4 Qe7 40.Ne1 Nc1 41.Qe3 Bf6 42.Rfg1 Bh5 43.h3 Rf7 44.Kh2 Kh7
45.Nf1 Nd3 46.Nxd3 exd3 47.Qg3 Bg7 48.Qxd3 Qe4 49.Qg3 Qd4 50.Qf2 Qxf2 51.Rxf2 Bd4
52.Kg2 Bd1 53.Rd2 Bxg1 54.Rxd1 Bc5 55.Re1 c6 56.Re6 b5 57.dxc6 bxa4 58.bxa4 Rc7
59.Ng3 Rxc6 60.Nxf5 Rb6 61.Rxh6+ Kg8 62.Rg6+ Kf7 63.h5 Rb2+ 64.Kf3 Rf2+ 65.Ke4 Ra2
66.Nxd6+ Kf8 67.Kd5 Ba3 68.h6 Bb2 69.h7 Ra3 70.Rg8+ Ke7 71.Nf5+  1-0

[Event "2nd SPI Open"]
[Site "Satu Mare ROU"]
[Date "2011.07.17"]
[Round "4"]
[White "Filip,L"]
[Black "Carmaciu,L"]
[Result "1/2-1/2"]
[WhiteElo "2469"]
[BlackElo "2388"]

1.Nf3 Nf6 2.c4 g6 3.Nc3 Bg7 4.e4 d6 5.d4 O-O 6.Be2 Na6 7.O-O e5 8.Be3 Ng4
9.Bg5 Qe8 10.dxe5 dxe5 11.Qc1 c6 12.Rd1 f6 13.Bd2 f5 14.h3 Nf6 15.exf5 gxf5
16.Bh6 e4 17.Nh4 Bxh6 18.Qxh6 Qe5  1/2-1/2

[Event "Najdorf Memorial"]
[Site "Warsaw POL"]
[Date "2011.07.17"]
[Round "5"]
[White "Goslawski,M"]
[Black "Zozulia,A"]
[Result "0-1"]
[WhiteElo "2041"]
[BlackElo "2381"]

1.Nf3 Nf6 2.c4 g6 3.d4 Bg7 4.Nc3 O-O 5.e4 d6 6.Be2 e5 7.d5 a5 8.Bg5 h6 9.Bh4 Qe8
10.Nd2 Na6 11.O-O Bd7 12.b3 Nh7 13.a3 f5 14.f3 g5 15.Bf2 f4 16.b4 Nf6 17.c5 h5
18.cxd6 cxd6 19.Nc4 axb4 20.axb4 Qe7 21.Nb6 Rab8 22.Bxa6 bxa6 23.Rxa6 g4
24.Ra7 g3 25.Nxd7 gxf2+ 26.Rxf2 Nxd7 27.Qa4 Rfd8 28.Nb5 Nb6 29.Qa6 Rd7 30.Rc2 Rxa7
31.Nxa7 Qb7 32.Qxb7 Rxb7 33.Nc6 Bf6 34.Kf1 Kf8 35.Ra2 Ke8 36.Ra6 Nc4 37.Ra8+ Kf7
38.Ke2 Ne3 39.g3 Nc2 40.Ra4 Nd4+ 41.Nxd4 exd4 42.gxf4 Rc7 43.b5 Rc2+ 44.Kd3 Rxh2
45.Ra7+ Ke8 46.b6 Bd8 47.Ra8 Rb2 48.Kxd4 h4 49.Kc3 Rxb6 50.e5 h3 51.Ra2 dxe5
52.fxe5 Rh6 53.Rh2 Bb6 54.Kd3 Rh4 55.Rh1 h2 56.Ke2 Bg1 57.Kf1 Rd4 58.d6 Kd7  0-1

[Event "Biel MTO Open"]
[Site "Biel SUI"]
[Date "2011.07.18"]
[Round "1"]
[White "Fisher,William"]
[Black "Nyzhnyk,I"]
[Result "0-1"]
[WhiteElo "2178"]
[BlackElo "2589"]

1.d4 Nf6 2.c4 g6 3.Nc3 Bg7 4.e4 d6 5.Nf3 O-O 6.Be2 e5 7.dxe5 dxe5 8.O-O Nbd7
9.Be3 c6 10.b4 Qe7 11.Qb3 h6 12.Rad1 Re8 13.c5 Nf8 14.Nd2 Ng4 15.Bc4 Ne6
16.Nd5 cxd5 17.exd5 Nd4 18.Bxd4 exd4 19.d6 Qf8 20.b5 b6 21.Bd5 Rb8 22.Rde1 Bf5
23.h3 Nf6 24.g4 Nxd5 25.gxf5 Nf6 26.fxg6 bxc5 27.Nc4 Nd7 28.f4 Re3 29.Rxe3 Re8
30.Ref3 fxg6 31.Ne5+ Kh7 32.Nxd7 Qxd6 33.Qf7 Rd8 34.Ne5 d3 35.Ng4 d2 36.Nf2 Rf8
37.Qxa7 Qxf4 38.Qxc5 Qg3+ 39.Kh1 d1=Q  0-1

[Event "Biel MTO Open"]
[Site "Biel SUI"]
[Date "2011.07.18"]
[Round "1"]
[White "Hasenohr,B"]
[Black "Maze,S"]
[Result "0-1"]
[WhiteElo "2169"]
[BlackElo "2578"]

1.d4 Nf6 2.c4 g6 3.Nc3 Bg7 4.e4 d6 5.Be2 O-O 6.Nf3 Na6 7.O-O e5 8.Be3 c6
9.Rb1 Ng4 10.Bg5 Qe8 11.d5 f6 12.Bh4 c5 13.Ne1 h5 14.f3 Ne3 15.Qd2 Nxf1 16.Kxf1 Kh7
17.Nb5 Bh6 18.Qc2 Qe7 19.a3 Bd7 20.Bf2 f5 21.Kg1 fxe4 22.fxe4 Rf7 23.Nd3 b6
24.b4 cxb4 25.axb4 Bxb5 26.cxb5 Nc7 27.Qc6 Raf8 28.Ra1 Ne8 29.Bf3 Qd8 30.Qc3 Rc7
31.Qb3 Qd7 32.Be2 Nf6  0-1

[Event "III Corporation Cup A"]
[Site "Izhevsk RUS"]
[Date "2011.07.18"]
[Round "4"]
[White "Volkov,Sergey1"]
[Black "Lepkasov,V"]
[Result "1-0"]
[WhiteElo "2607"]
[BlackElo "2173"]

1.d4 Nf6 2.c4 g6 3.Nc3 Bg7 4.e4 d6 5.Be2 O-O 6.Nf3 e5 7.Be3 Ng4 8.Bg5 f6
9.Bh4 g5 10.Bg3 Nh6 11.c5 Nc6 12.cxd6 cxd6 13.dxe5 dxe5 14.Qb3+ Nf7 15.Rd1 Qb6
16.Qxb6 axb6 17.Bc4 Bg4 18.Nb5 Rfd8 19.Nd6 Bh5 20.O-O Bf8 21.Nf5 Bc5 22.h4 g4
23.Nh2 Kf8 24.Be2 Nd4 25.Bxg4 Bg6 26.h5 Bxf5 27.Bxf5 Nxf5 28.exf5 Rxa2 29.Ng4 Be7
30.Bh4 Ra4 31.f3 Rf4 32.Bxf6 Rxf5 33.Rxd8+ Bxd8 34.Bxd8 Nxd8 35.h6 Ke7 36.Ne3 Rg5
37.g4 Nf7 38.Kf2 Ke6 39.Nf5 Nd6 40.Nxd6 Kxd6 41.Ke3 Rg6 42.Rh1 Kd5 43.Rh5 Rf6
44.Rh2 b5 45.g5 Rg6 46.Rg2 Rg8 47.Rg3 b6 48.Rg2 Rg6 49.f4 exf4+ 50.Kxf4  1-0

[Event "III Corporation Cup A"]
[Site "Izhevsk RUS"]
[Date "2011.07.18"]
[Round "4"]
[White "Tunik,G"]
[Black "Dzhangobegov,V"]
[Result "1/2-1/2"]
[WhiteElo "2440"]
[BlackElo "2268"]

1.d4 Nf6 2.c4 g6 3.Nc3 Bg7 4.e4 d6 5.Nf3 O-O 6.Be2 e5 7.Be3 Nbd7 8.O-O Re8
9.dxe5 dxe5 10.h3 Qe7 11.Qc2 c6 12.Rfe1 Nh5 13.Bf1 Nf8 14.Rad1 Ne6 15.a3 Nhf4
16.g3 Nh5 17.b4 Qf8 18.Bc1 b6 19.c5 bxc5 20.Na4 cxb4 21.axb4 Qxb4 22.Bd2 Qe7
23.Be3 c5 24.Nxc5 Nxc5 25.Bxc5 Qc7 26.Qa4 Bxh3 27.Bd6 Qd7 28.Bb5 Qg4 29.Nh2 Qg5
30.Qa3 Rec8 31.Be7 Bf6 32.Bb4 Bd8 33.Nf3 Qf6 34.Rd6 Qg7 35.Rc6 Bb6 36.Bc5 Rxc6
37.Bxc6 Rc8 38.Bxb6 axb6 39.Bd5 Qf6 40.Qb3 Ng7 41.Re3 Bd7 42.Rc3 Ne8 43.Rxc8 Bxc8
44.Qc3 Be6 45.Nxe5 Bxd5 46.exd5 Qd6 47.Ng4 Qxd5 48.Nh6+ Kf8 49.Qh8+ Ke7 50.Qxh7 Nf6
51.Qh8 Qd1+ 52.Kg2 Qd5+ 53.Kg1 b5 54.Qb8 Nd7 55.Ng8+ Ke6 56.Qd8 Qd1+ 57.Kg2 Qd5+
58.Kg1 Qd1+  1/2-1/2

[Event "Najdorf Memorial"]
[Site "Warsaw POL"]
[Date "2011.07.18"]
[Round "6"]
[White "Babula,V"]
[Black "Czarnota,P"]
[Result "1/2-1/2"]
[WhiteElo "2572"]
[BlackElo "2541"]

1.d4 Nf6 2.c4 g6 3.Nc3 Bg7 4.e4 d6 5.Nf3 O-O 6.Be2 Na6 7.O-O e5 8.Re1 Qe8
9.Bg5 exd4 10.Qxd4 Ng4 11.Qd2 Nc5 12.Bf1 Ne5 13.Nd4 f6 14.Be3 Qf7 15.b3 f5
16.exf5 Bxf5 17.Nxf5 Qxf5 18.Rad1 Ng4 19.Nd5 Rf7 20.h3 Nxe3 21.Qxe3 Be5 22.b4 Ne6
23.c5 Raf8 24.cxd6 cxd6 25.Rd2 Nf4 26.Bc4 Kg7 27.Nxf4  1/2-1/2

[Event "XXIX Andorra Open"]
[Site "Arinsal AND"]
[Date "2011.07.19"]
[Round "4.7"]
[White "Sachdev,T"]
[Black "Damljanovic,B"]
[Result "1/2-1/2"]
[WhiteElo "2419"]
[BlackElo "2611"]

1.d4 d6 2.Nf3 Nf6 3.c4 g6 4.Nc3 Bg7 5.e4 O-O 6.Be2 e5 7.Be3 Nbd7 8.O-O Ng4
9.Bg5 f6 10.Bh4 Nh6 11.Qd2 Nf7 12.h3 a5 13.b3 c6 14.Rad1 Re8 15.Rfe1 exd4
16.Nxd4 Nc5 17.Bf1 Qb6 18.f4 a4 19.Bf2 axb3 20.axb3 Qa5 21.Rb1 Na6 22.Ra1 Qd8
23.b4 Bd7 24.Nc2 Be6 25.Ra3 Bh6 26.Rea1 Rc8 27.Re1 c5 28.b5 Nb4 29.Be3 f5
30.Ra7 Nxc2 31.Qxc2 Qb6 32.Raa1 Bg7 33.exf5 Bxf5 34.Bd3 Be6 35.Rac1 Qd8 36.f5 gxf5
37.Bxf5 Bxf5 38.Qxf5 Qf6 39.Qxf6 Bxf6 40.Nd5 Bg7 41.Bf4 Kf8 42.Rcd1 Bd4+
43.Kh2 Rxe1 44.Rxe1 Be5 45.Bxe5 Nxe5 46.Rf1+ Kg7 47.Ne7 Rf8 48.Nf5+ Kh8 49.g4 Nxc4
50.Rc1 d5 51.Ne7 Re8 52.Nxd5 Rd8 53.Rxc4 Rxd5 54.Kg3 b6 55.Ra4 Rd2 56.h4 Rb2
57.Ra8+ Kg7 58.Ra7+ Kg6 59.Rc7 Rxb5 60.Kf4 Rb4+ 61.Kf3 h5 62.Rc6+ Kh7 63.gxh5 c4
64.Ke3 b5 65.Kd2 Rb2+ 66.Kc3 Rh2 67.Rc5 Rh3+ 68.Kc2 Rb3 69.Rc6 Kg7 70.Kd2 Rd3+
71.Kc2 Rd5 72.h6+ Kh7 73.Kc3 Rd3+ 74.Kc2 Rd7 75.Rc5 Rb7 76.Rc6 Rf7 77.Rc5 Rf2+
78.Kc1 Kxh6 79.Rxb5 Rh2 80.h5 Rxh5 81.Rxh5+ Kxh5 82.Kc2 Kg4 83.Kc3 Kf4 84.Kxc4  1/2-1/2

[Event "ch-PHI"]
[Site "Manila PHI"]
[Date "2011.07.19"]
[Round "6"]
[White "So,W"]
[Black "Garcia,Jan"]
[Result "1/2-1/2"]
[WhiteElo "2658"]
[BlackElo "2404"]

1.d4 d6 2.Nf3 g6 3.c4 Nf6 4.Nc3 Bg7 5.e4 O-O 6.Be2 e5 7.O-O Na6 8.Be3 Ng4
9.Bg5 Qe8 10.Re1 exd4 11.Nd5 f6 12.Bf4 c6 13.Bxd6 cxd5 14.exd5 Qd8 15.c5 Rf7
16.Nxd4 Nxc5 17.Bxc5 Qc7 18.Bxg4 Bxg4 19.Qc2 b6 20.Ba3 Qxc2 21.Nxc2 Rd8 22.f3 Bf5
23.Nd4 Rxd5 24.Nxf5 gxf5 25.Rad1 Rxd1 26.Rxd1 Bh6 27.Rd8+ Kg7 28.Bd6 Be3+
29.Kf1 Bd4 30.b3 Be5 31.Ke2 Bxd6 32.Rxd6 Rc7 33.Rd2 Kf7 34.Ke3 Re7+ 35.Kd3 Rd7+
36.Kc3 Rxd2 37.Kxd2 Ke6 38.g3 Ke5 39.Kc3 Kd5 40.Kd3 b5 41.h3 h5 42.b4 Ke5
43.Kd2 f4 44.g4 h4  1/2-1/2

[Event "15th Battle of Senta Open"]
[Site "Senta SRB"]
[Date "2011.07.19"]
[Round "5.2"]
[White "Saric,S"]
[Black "Ardeleanu,A"]
[Result "1-0"]
[WhiteElo "2472"]
[BlackElo "2394"]

1.d4 Nf6 2.c4 g6 3.Nc3 Bg7 4.e4 O-O 5.Nf3 d6 6.Be2 e5 7.Be3 h6 8.O-O Ng4
9.Bc1 Nc6 10.d5 Ne7 11.Nd2 f5 12.Bxg4 fxg4 13.b4 a5 14.bxa5 Rxa5 15.a4 g5
16.Ba3 Ng6 17.c5 Rxc5 18.Bxc5 dxc5 19.Nc4 Nh4 20.Ne2 Rf4 21.Nxf4 exf4 22.e5 f3
23.g3 Nf5 24.Re1 Nd4 25.d6 Be6 26.Rc1 Bf8 27.Re4 Ne2+ 28.Rxe2 fxe2 29.Qxe2 Qd7
30.Qe4 cxd6 31.exd6 Bg7 32.Re1 Bf7 33.Ne5 Qxd6 34.Nxf7 Kxf7 35.Qxb7+ Kf8
36.Qc8+ Kf7 37.Qxg4 Bd4 38.Qf5+ Bf6 39.Rc1  1-0

[Event "16th Balaguer Open"]
[Site "Balaguer ESP"]
[Date "2011.07.20"]
[Round "4"]
[White "Codina Garcia,J"]
[Black "Roeder,M"]
[Result "1/2-1/2"]
[WhiteElo "2133"]
[BlackElo "2420"]

1.d4 Nf6 2.c4 g6 3.Nc3 Bg7 4.e4 d6 5.Nf3 O-O 6.Be2 e5 7.d5 a5 8.Bg5 Qe8 9.Nd2 Kh8
10.O-O Ng8 11.g4 f5 12.f3 Bd7 13.b3 Na6 14.a3 Bh6 15.Bxh6 Nxh6 16.h3 Qe7
17.Kg2 Nf7 18.Qe1 h5 19.Qg3 f4 20.Qe1 Kg7 21.Rh1 Rh8 22.Qf2 Rh6 23.Rh2 Rah8
24.Rah1 b6 25.Kf1 Qd8 26.Ke1 R8h7 27.h4 hxg4 28.fxg4 g5 29.h5 Rf6 30.Bf3 Nh6
31.Rg2 Qb8 32.Qe2 Rh8 33.Nf1 Rc8 34.Nh2 Nc5 35.Qc2 a4 36.b4 Nb3 37.b5 Qa7
38.Na2 Nd4 39.Qc3 Kh8 40.Rhg1 Ra8 41.Rd2 Qb8 42.Nb4 Nb3 43.Rdg2 Kh7 44.Rf2 Kg7
45.Nd3 Nf7 46.Rb2 Nc5 47.Nf2 Kf8 48.Nf1 Ke7 49.Nd2 Qh8 50.Rh1 Rh6 51.Rb1 Nd8
52.Rb2 Ndb7 53.Nd3 Nxd3+ 54.Qxd3 Nc5 55.Qe2  1/2-1/2

[Event "Najdorf Memorial"]
[Site "Warsaw POL"]
[Date "2011.07.20"]
[Round "7.25"]
[White "Adamski,J"]
[Black "Sowul,B"]
[Result "1-0"]
[WhiteElo "2289"]
[BlackElo "2208"]

1.c4 Nf6 2.Nf3 d6 3.d4 g6 4.Nc3 Bg7 5.e4 O-O 6.Be2 Na6 7.O-O e5 8.Be3 Ng4
9.Bg5 f6 10.Bc1 c6 11.h3 Nh6 12.c5 exd4 13.Bxa6 bxa6 14.Qxd4 Nf7 15.Qc4 dxc5
16.Be3 a5 17.Rfd1 Qc7 18.Qxc5 Re8 19.Rac1 Bd7 20.b3 Qc8 21.Kh2 Bf8 22.Qxa5 Bd6+
23.Rxd6 Nxd6 24.Nd5 Kf7 25.Nxf6 Kxf6 26.e5+ Kg7 27.exd6 Re6 28.Ng5 Re8 29.Qc3+ Kg8
30.Qf6 Be6 31.Bd4  1-0

[Event "Najdorf Memorial"]
[Site "Warsaw POL"]
[Date "2011.07.20"]
[Round "7.23"]
[White "Goslawski,M"]
[Black "Barski,R"]
[Result "1-0"]
[WhiteElo "2041"]
[BlackElo "2313"]

1.Nf3 Nf6 2.c4 g6 3.Nc3 Bg7 4.d4 d6 5.e4 O-O 6.Be2 e5 7.d5 Na6 8.O-O Nc5
9.Qc2 a5 10.Bg5 Bd7 11.b3 Qe8 12.Nd2 h6 13.Be3 Na6 14.a3 Nh7 15.b4 f5 16.f3 f4
17.Bf2 b6 18.Rab1 g5 19.c5 bxc5 20.bxc5 Nxc5 21.Bxc5 dxc5 22.Bb5 Rf6 23.Bxd7 Qxd7
24.Na4 Bf8 25.Nxc5 Qd6 26.Rfc1 Rc8 27.a4 Rg6 28.Ne6 c6 29.Nc4 cxd5 30.exd5 Rxe6
31.dxe6 Qxe6 32.Kh1 Bb4 33.Qe4 Re8 34.Rd1 Kg7 35.Nxe5 Qxe5 36.Rd7+ Kf8 37.Qxe5 Rxe5
38.Rxh7 Re6 39.Rc1 Kg8 40.Rd7 Be7 41.h4 Kf7 42.h5 Kf6 43.Rcc7 Re3 44.Rc6+ Kf5
45.Rd1 Re5 46.Rg6 Bc5 47.Kh2 Bf2 48.Rb1 g4 49.Rb5 Bc5 50.fxg4+ Ke4 51.Rc6  1-0

[Event "III Corporation Cup A"]
[Site "Izhevsk RUS"]
[Date "2011.07.21"]
[Round "6"]
[White "Murzin,L"]
[Black "Fedorov,D"]
[Result "0-1"]
[WhiteElo "2158"]
[BlackElo "2125"]

1.d4 Nf6 2.c4 g6 3.Nc3 Bg7 4.e4 d6 5.Nf3 O-O 6.Be2 e5 7.dxe5 dxe5 8.Qxd8 Rxd8
9.Nd5 Nxd5 10.cxd5 c6 11.Bc4 b5 12.Bb3 Bb7 13.Bg5 Rd7 14.Rc1 cxd5 15.Bxd5 Na6
16.Bxb7 Rxb7 17.Ke2 Nc7 18.Rhd1 Ne6 19.Be3 Re8 20.g3 f5 21.Rd5 fxe4 22.Nxe5 Rc7
23.Rxc7 Nxc7 24.Nd7 Rd8  0-1

[Event "16th Balaguer Open"]
[Site "Balaguer ESP"]
[Date "2011.07.22"]
[Round "6"]
[White "Leon Valera,J"]
[Black "Tuz,Mykola"]
[Result "0-1"]
[WhiteElo "1859"]
[BlackElo "2080"]

1.d4 Nf6 2.c4 g6 3.Nc3 Bg7 4.Nf3 O-O 5.e4 d6 6.Be2 Nbd7 7.O-O e5 8.d5 a5
9.Bg5 Nc5 10.Qc1 Bd7 11.Qe3 Qc8 12.Bxf6 Bxf6 13.h3 Qd8 14.Qd2 b6 15.Rab1 Kg7
16.Nd1 h6 17.b3 Kh7 18.a3 Qe7 19.b4 Nb7 20.Qe3 Bg7 21.Bd3 axb4 22.axb4 Ra6
23.Qd2 Rfa8 24.Rb3 Qe8  0-1

[Event "Open NK"]
[Site "Dieren NED"]
[Date "2011.07.22"]
[Round "4"]
[White "Van der Linden, Lucas"]
[Black "Zwirs, Nico"]
[Result "1/2-1/2"]
[WhiteElo "2275"]
[BlackElo "2125"]

1.d4 Nf6 2.c4 g6 3.Nc3 Bg7 4.e4 d6 5.Nf3 O-O 6.Be2 e5 7.Be3 exd4 8.Nxd4 Re8
9.f3 c6 10.Bf2 d5 11.exd5 cxd5 12.O-O Nc6 13.c5 Bf8 14.Bb5 Bd7 15.Bxc6 bxc6
16.b4 Nh5 17.Qd2 Qc7 18.g3 f5 19.Rfe1 a5 20.a3 h6 21.Rxe8 Rxe8 22.Rc1 axb4
23.axb4 Qb7 24.Na4 Nf6 25.Nb6 Kh7 26.Kg2 Re7 27.Re1 Rxe1 28.Qxe1 Be8 29.Ne6 Be7
30.Bd4 Bf7 31.Qe5 g5 32.Qxf5+ Bg6 33.Nf8+ Bxf8 34.Qxf6 Bg7 35.Qxg7+ Qxg7
36.Bxg7 Kxg7 37.b5 Be8 38.Kf2 d4 39.Ke2 cxb5 40.Kd3 Kf6 41.Kxd4 Ke6 42.Nc8 h5
43.Nd6 Bc6 44.Ne4 Kf5 45.Ke3 b4 46.Nd2 Ke5 47.h4 gxh4 48.gxh4 Kd5 49.Nb3 Be8
50.f4 Kc4 51.f5 Kxb3 52.f6 Ka3 53.c6 b3 54.c7 b2 55.c8=Q b1=Q 56.Qa6+ Kb2
57.Qb7+ Ka1 58.Qa8+ Kb2 59.Qb7+ Ka1 60.Qa8+ Kb2 61.Qb7+ Ka1  1/2-1/2

[Event "Open NK"]
[Site "Dieren NED"]
[Date "2011.07.22"]
[Round "4"]
[White "Maatman, Nick"]
[Black "Ly, Moulthun"]
[Result "0-1"]
[WhiteElo "1994"]
[BlackElo "2369"]

1.Nf3 Nf6 2.c4 g6 3.d4 Bg7 4.Nc3 O-O 5.e4 d6 6.Be2 Nbd7 7.O-O e5 8.Be3 Re8
9.d5 Nh5 10.g3 Bf8 11.Ng5 Ndf6 12.b4 Bd7 13.c5 h6 14.Nf3 Ng4 15.Bd2 dxc5
16.bxc5 Bxc5 17.Nh4 Qc8 18.Rc1 b6 19.Qc2 Kg7 20.Na4 Ba3 21.Nb2 Qd8 22.Qc3 Bc5
23.Nd3 Bd4 24.Qxc7 Nhf6 25.Qxd8 Raxd8 26.Bc3 Bxc3 27.Rxc3 Nxe4 28.Rc7 Ngf6
29.Rxa7 Nc3 30.Re1 Nxe2+ 31.Rxe2 Bb5 32.Re3 Nxd5 33.Rf3 Nf6 34.Nb2 Rc8 35.Rb3 Rc1+
36.Kg2 Bf1+ 37.Kf3 Re1 38.g4 Be2+ 39.Kg2 Bf1+ 40.Kf3 Re6 41.Rb7 Ne4 42.R3xb6 Nd6
43.Rd7 Rf6+ 44.Nf5+ gxf5 45.Rdxd6 fxg4+ 46.Kxg4 Rf4+ 47.Kg3 Be2 48.f3 Rxf3+
49.Kg2 e4 50.h4 Bf1+ 51.Kh2 Re2+ 52.Kh1 Rg2 53.Rb3 e3  0-1

[Event "Open NK"]
[Site "Dieren NED"]
[Date "2011.07.22"]
[Round "4"]
[White "Vosselman, Jan"]
[Black "Wilgenhof, Otto"]
[Result "1/2-1/2"]
[WhiteElo "2112"]
[BlackElo "2210"]

1.d4 Nf6 2.c4 g6 3.Nc3 Bg7 4.e4 O-O 5.Nf3 d6 6.Be2 e5 7.d5 Nbd7 8.h3 Nc5
9.Qc2 a5 10.g4 Nfd7 11.Be3 f5 12.exf5 gxf5 13.O-O-O e4 14.Nd2 Nd3+ 15.Bxd3 exd3
16.Qxd3 Ne5 17.Qc2 Qf6 18.f4 Ng6 19.g5 Qe7 20.Rde1 Bd7 21.h4 Rae8 22.Nf3 Qxe3+
23.Rxe3 Rxe3 24.Qf2 Rfe8 25.Re1 Bd4 26.Nxd4 Rxe1+ 27.Kd2 Rh1 28.Nf3 Nxf4
29.Qg3 Ng6 30.Qg2 Ra1 31.h5 Ne5 32.Nxe5 Rxe5 33.g6 h6 34.Qf2 b6 35.Qh4 Rg1
36.Qd8+ Be8 37.Qxc7 Rg2+ 38.Kd3 Rg3+ 39.Kc2 a4 40.Qh7+ Kf8 41.Qxh6+ Ke7 42.Qg7+ Kd8
43.Qf6+ Kc7 44.Nb5+ Bxb5 45.cxb5 Rg2+ 46.Kc3 Rg3+ 47.Kc2  1/2-1/2

[Event "III Corporation Cup A"]
[Site "Izhevsk RUS"]
[Date "2011.07.23"]
[Round "8"]
[White "Volkov,Sergey1"]
[Black "Petrosian,DG"]
[Result "1-0"]
[WhiteElo "2607"]
[BlackElo "2478"]

1.d4 Nf6 2.c4 g6 3.Nc3 Bg7 4.e4 d6 5.Be2 O-O 6.Nf3 e5 7.Be3 Ng4 8.Bg5 f6
9.Bh4 Nc6 10.d5 Ne7 11.Nd2 h5 12.h3 Nh6 13.g4 hxg4 14.hxg4 Nf7 15.b4 c5 16.Qb3 b6
17.a4 Bd7 18.a5 Rb8 19.f3 bxa5 20.b5 Nc8 21.Qa3 Bh6 22.Bf2 Kg7 23.Nb3 Rh8
24.Kd1 Bf4 25.Kc2 Rxh1 26.Rxh1 a6 27.Qxa5 axb5 28.Qxd8 Nxd8 29.cxb5 Ra8 30.Ra1 Rxa1
31.Nxa1 Nb7 32.Nb3 Nb6 33.Nd1 Kf7 34.Nb2 Ke8 35.Nd3 Bh6 36.Nb4 f5 37.Nc6 Bg5
38.Be1 fxe4 39.fxe4 Be3 40.Nba5 Nxa5 41.Bxa5 c4 42.Bb4 Bxc6 43.bxc6 Ke7 44.g5 Na8
45.Ba5 Nb6 46.Bg4 Kd8 47.Be6 c3 48.Kd3 c2 49.Kxc2 Kc7 50.Bd2 Nc4 51.Bxe3 Nxe3+
52.Kd2 Ng2 53.Bd7 Nf4 54.Ke3 Kd8 55.Kf3 Ke7 56.Kg4 Nd3 57.Be6 Kd8 58.Bf7 Nf4  1-0

[Event "ch-AUT"]
[Site "Linz AUT"]
[Date "2011.07.23"]
[Round "1"]
[White "Schwabeneder,A"]
[Black "Klocker,B"]
[Result "0-1"]
[WhiteElo "2061"]
[BlackElo "2218"]

1.Nf3 Nf6 2.c4 g6 3.Nc3 Bg7 4.d4 O-O 5.e4 d6 6.Be2 e5 7.dxe5 dxe5 8.Qxd8 Rxd8
9.Nxe5 Nxe4 10.Nxf7 Bxc3+ 11.bxc3 Kxf7 12.Bf3 Re8 13.O-O Nd7 14.g4 b6 15.Bf4 Bb7
16.Rad1 Re7 17.Bxc7 Ndc5 18.Bd8 Re8 19.Bh4 g5 20.Bg3 Nxg3 21.fxg3 Bxf3 22.Rxf3+ Kg6
23.h4 Rad8 24.Rd5 h6 25.Kg2 Re2+ 26.Kf1 Rde8 27.Rff5 Re1+ 28.Kf2 R1e5 29.Kf3 Rxd5
30.cxd5 Ne4 31.h5+ Kg7 32.Ke3 Nxg3+ 33.Kd4 Nxf5+ 34.gxf5 Kf6  0-1

[Event "III Corporation Cup A"]
[Site "Izhevsk RUS"]
[Date "2011.07.24"]
[Round "9"]
[White "Aseeva,A"]
[Black "Litvinov,Maxim"]
[Result "1-0"]
[WhiteElo "1947"]
[BlackElo "1753"]

1.d4 d6 2.Nf3 g6 3.c4 Bg7 4.Nc3 Nf6 5.e4 O-O 6.Be2 Nbd7 7.O-O e5 8.d5 Nc5
9.Qc2 a5 10.a3 Nh5 11.Ne1 Nf4 12.f3 Nxe2+ 13.Nxe2 f5 14.Be3 f4 15.Bxc5 dxc5
16.Nd3 b6 17.Qc3 a4 18.Rad1 Qf6 19.b4 axb3 20.Qxb3 Rd8 21.Nc3 Bf8 22.Nb5 Bd6
23.Nxd6 Rxd6 24.Qc3 Ba6 25.Rc1 Re8 26.a4 g5 27.a5 h5 28.axb6 cxb6 29.Ra1 Bc8
30.Ra7 g4 31.fxg4 hxg4 32.Qb2 Qg5 33.Qd2 Qh5 34.g3 fxg3 35.hxg3 Rh6 36.Qg2 Qg5
37.Qf2 Qh5 38.Qf7+ Qxf7 39.Rfxf7 Ba6 40.Rg7+ Kh8 41.Rge7 Rxe7 42.Rxe7 Kg8
43.Nxe5 b5 44.cxb5 Bxb5 45.Rc7 Ba4 46.Rxc5 Kf8 47.Kg2 Bd1 48.Rc1  1-0